Guia de l'alumne = Guía del alumno / Escola del Treball
Descripción Física:
8, 8 p., [4] p. de làm. ; 21 cm
MARC
| LEADER | 00000nam a2200000Ia 4500 | ||
|---|---|---|---|
| 001 | 14828 | ||
| 008 | 160829s9999 xx 000 0 cat d | ||
| 080 | |a FU-31-24 | ||
| 110 | 2 | |a Escola del Treball (Barcelona, Catalunya) |9 54586 | |
| 245 | |a Guia de l'alumne = Guía del alumno / Escola del Treball | ||
| 260 | |a [Barcelona] : |b Escola del Treball, Secció d'Arts Gràfiques, [19-- ?] | ||
| 300 | |a 8, 8 p., [4] p. de làm. ; |c 21 cm | ||
| 590 | |a Enquadernat amb l'edició castellana en forma capiculada. | ||
| 590 | |a Conté el reglament de l'Escola | ||
| 610 | 2 | 0 | |a Escola del Treball (Barcelona, Catalunya) |x Currículums |9 55344 |
| 710 | 2 | |a Escola del Treball (Barcelona, Catalunya) |9 54586 | |
| 901 | |a Arxiu | ||
| 942 | |n 1 | ||
| 952 | |0 0 |1 0 |4 0 |6 FU3124 |7 1 |9 48647 |a Arxiu |b Arxiu |d 2016-12-01 |l 0 |o FU-31-24 |p 14828 |r 2016-12-01 00:00:00 |w 2016-12-01 |y ARXIU | ||
| 999 | |c 52477 |d 52477 | ||